00645cam a22002051 4500001001300000003000400013005001700017008004100034010001700075035002000092040001800112042001200130050002000142100001900162245014200181250001300323260005100336300001800387650003400405sa 64008290 DLC20260227112053.0890514q io 000 0 ind  asa 64008290  a(OCoLC)23544008 aDLCcMiUdDLC apremarc00aBP174b.A4 19631 aAlaydrus, Ali.10aKitab perukunan, mengandung adjaran² jang wadjib atas tiap² orang Island jang mukallaf, perihal agama Islam dengan lengkap dan singkat. aTjet. 5. aDjakarta,bFirma S. Ali Alaydrusc[cover 1963] a60 p.c17 cm. 0aIslamxCustoms and practices.